| 000 | 01162nam a2200277 i 4500 | ||
|---|---|---|---|
| 001 | 185182 | ||
| 003 | SpMaBN | ||
| 005 | 20250623063023.0 | ||
| 008 | 160404s2014 sp acgo |||| |dspa d | ||
| 020 | _a978-84-15871-99-6 | ||
| 080 | _a821.134.2-14"19" | ||
| 100 | 1 |
_aRamírez Codina, Juan, _d1954- _9159277 _eaut |
|
| 245 | 1 | 3 |
_aLa novela del tiempo en diez mil versos / _cJuan Ignacio Ramírez (i) Codina. |
| 250 | _a1ª edición | ||
| 260 |
_aBarcelona : _bEl Cobre, _c2014 |
||
| 300 |
_a468 páginas : _bilustraciones (color y negro), música ; _c23 x 30 cm + _e1 CD-AUDIO |
||
| 505 | 0 | _aContiene: Escandir los diez mil versos del tiempo; Que del tiempo serán visitaciones; El teatro del tiempo en tres mil versos | |
| 505 | 0 | _aCD-AUDIO incluye: La novela del tiempo, de Pablo Sáinz Villegas | |
| 700 | 1 |
_aSáinz Villegas, Pablo, _d1977- _9159278 _eclb |
|
| 740 | 0 | 2 | _aPartitura del tiempo con guitarra. |
| 852 |
_aES-MaACL _bR.150942 _cDEPO1 _dOlim: N-6681 _jA-13681 _xCartoné _9 192202 |
||
| 852 |
_aES-MaACL _jROT 2/6/33 (CD-AUDIO) _cROT |
||
| 942 |
_2udc _cMONOGRAFIA _n0 |
||
| 999 |
_c185182 _d185182 |
||